| 000 | 00000nas##2200000za#4500 |
| 001 | 9.504267 |
| 003 | CaOODSP |
| 005 | 20200325095031 |
| 007 | cr ||||||||||| |
| 008 | 150406c2008||||xxc|| p o||||f| |0fre|d |
| 040 | |aCaOODSP|bfre |
| 043 | |an-cn--- |
| 086 | 1 |aH177-1F-PDF |
| 110 | 1 |aCanada.|bProcréation assistée Canada. |
| 245 | 10|aBulletin (Procréation assistée Canada) |h[ressource électronique] |
| 260 | |aVancouver - Colombie Britannique : |bProcréation assistée Canada |
| 310 | |aTrois fois par année |
| 362 | 1 |aHiver 2007/2008 - [été 2012?] |
| 775 | 08|tNewsletter (Assisted Human Reproduction Canada) |w(CaOODSP)9.507889 |